000 01004nas a2200313 4500
001 BR0103149
003 BR-BrBNA
005 20231205102325.0
007 ta
008 230509b bl.|||p| |||| 00| 00por d
040 _aBR-BrBNA
_bpor
_cBiblioteca Nacional de Agricultura
041 _a(Pt)
072 _aL40
100 1 _aSeixas Filho, J.T. de
100 1 _aBras, J. de M.
100 1 _aGomide, A.T. de M.
100 1 _aOliveira, M.G. de A.
100 1 _aDonzele, J.L.
100 1 _aMenin, E.
245 1 _aAnatomia funcional e morfometria dos intestinos e dos cecos piloricos do Teleostei (Pisces)de agua doce piau (Leporinus friderici, Bloch, 1794)
650 _aPiau
650 _aPeixe de Agua Doce
650 _aAnatomia Animal
650 _aIntestino
650 _aCeco
773 0 _tRevista Brasileira de Zootecnia (Brazil)
_xISSN 1516-3598
_g(Nov-Dec 2000), v. 29(6)Suplemento 2 p. 2181-2192
_wBR0103149
909 _a202311
_bLúcia
_c55
_dLúcia Elande
942 _2AGRIS
_n0
_cANA
999 _c166976
_d166976